10 Most Valuable Players Per Every La Liga Club - Statistics

General Stats
  • This quiz has been taken 13 times
  • The average score is 54 of 200
Answer Stats
Club Name % Correct
Real Madrid Kylian Mbappe
100%
Federico Valverde
92%
Jude Bellingham
92%
Barcelona Lamine Yamal
92%
Pedri
92%
Rodrygo
92%
Vinicius Junior
92%
Pau Cubarsi
83%
Alejandro Balde
75%
Jules Kounde
75%
Raphinha
75%
Dani Olmo
67%
Fermin Lopez
67%
Gavi
67%
Inaki Williams
67%
Athletic Bilbao Nico Williams
67%
Alexander Sorloth
58%
Aurelian Tchouameni
58%
Real Betis Cucho Hernandez
58%
Eduardo Camavinga
58%
Atletico Madrid Julian Alvarez
58%
Trent Alexander-Arnold
58%
Arda Guler
50%
Carlos Alvarez
50%
Dean Huijsen
50%
Diego Lopez
50%
Hugo Alvarez
50%
Jofre Carreras
50%
Marcus Rashford
50%
Nobel Mendy
50%
Oihan Sancet
50%
Pablo Barrios
50%
Real Sociedad Takefusa Kubo
50%
Alex Baena
42%
Alex Moreno
42%
Alvaro Rodriguez
42%
Ante Budimir
42%
Arnau Martinez
42%
Borja Mayoral
42%
Diego Llorente
42%
Giuliano Simeone
42%
Ivan Martin
42%
Javi Rodriguez
42%
Jose Gaya
42%
Marcos Llorente
42%
Matias Moreno
42%
Mikel Oyarzabal
42%
Pablo Martinez
42%
Pablo Torre
42%
Pedro Diaz
42%
Robin Le Normand
42%
Toni Martinez
42%
Abde Ezzalzouli
33%
Rayo Vallecano Andrei Ratiu
33%
Ayoze Perez
33%
Conor Gallagher
33%
Dani Vivian
33%
Sevilla Dodi Lukebakio
33%
Igor Zubeldia
33%
Isco
33%
Juan Foyth
33%
Juan Iglesias
33%
Juanlu Sanchez
33%
Manu Sanchez
33%
Sergio Gomez
33%
Unai Simon
33%
Valentin Gomez
33%
Vedat Muriqi
33%
Villareal Yeremy Pino
33%
Alex Remiro
25%
Ander Barrenetxea
25%
Andre Silva
25%
Carlos Romero
25%
Getafe Christantus Uche
25%
Coba da Costa
25%
David Soria
25%
Edu Exposito
25%
Osasuna Enzo Boyomo
25%
Fran Beltran
25%
Hugo Duro
25%
Isaac Romero
25%
Isi Palazon
25%
Javi Puado
25%
Jorge de Frutos
25%
Ladislav Krejci
25%
Logan Costa
25%
Luis Milla
25%
Luka Sucic
25%
Mikel Jauregizar
25%
Odysseas Vlachodimos
25%
Orri Oskarsson
25%
Pepelu
25%
Roberto Fernandez
25%
Rodrigo Riquelme
25%
Ruben Vargas
25%
Mallorca Samu Costa
25%
Sergi Cardona
25%
Sergio Herrera
25%
Viktor Tsygankov
25%
Girona Vitor Reis
25%
Yangel Herrera
25%
Abdul Mumin
17%
Abel Bretones
17%
Aimar Oroz
17%
Aitor Paredes
17%
Alberto Moleiro
17%
Andre Almeida
17%
Antonio Sivera
17%
Brais Mendez
17%
Bryan Zaragoza
17%
Carles Alena
17%
Carlos Vicente
17%
Carl Starfelt
17%
Cesar Tarrega
17%
David Hancko
17%
Djibril Sow
17%
Donny van de Beek
17%
Eric Bailly
17%
Federico Vinas
17%
Ferran Jutgla
17%
Giacomo Raspadori
17%
Giovani Lo Celso
17%
Haissem Hassan
17%
Horatiu Moldovan
17%
Ilaix Moriba
17%
Jon Moncayola
17%
Jose Angel Carmona
17%
Josip Brekalo
17%
Real Oviedo Leander Dendoncker
17%
Lucas Torro
17%
Maroan Sannadi
17%
Martim Neto
17%
Mauro Arambarri
17%
Natan
17%
Celta de Vigo Oscar Mingueza
17%
Pablo Maffeo
17%
Pape Gueye
17%
Pep Chavarria
17%
Sergi Altimira
17%
Sergi Darder
17%
Sergio Camello
17%
Thomas Lemar
17%
Tyrhys Dolan
17%
Williot Swedberg
17%
Abdel Abqar
8%
Adria Pedrosa
8%
Levante Alan Matturro
8%
Aleix Febas
8%
Alejandro Catena
8%
Alvaro Nunez
8%
Ander Guevara
8%
Deportivo Alaves Antonio Blanco
8%
Baptiste Santamaria
8%
Benat Prados
8%
Carlos Espi
8%
Cyle Larin
8%
Elche David Affengruber
8%
German Valera
8%
Ilias Akhomach
8%
Valencia Javi Guerrera
8%
Jeremy Toljan
8%
Jesus Areso
8%
Jon Ander Olasagasti
8%
Jon Aramburu
8%
Jorge Herrando
8%
Julen Agirrezabala
8%
Kike Salas
8%
Leo Roman
8%
Luca Koleosho
8%
Lucien Agoume
8%
Luiz Felipe
8%
Luka Ilic
8%
Marash Kumbulla
8%
Mateo Joseph
8%
Nacho Vidal
8%
Nahuel Tenaglia
8%
Espanyol Omar El Hilali
8%
Pol Lozano
8%
Renato Veiga
8%
Sergio Carreira
8%
Thomas Partey
8%
Valentin Rosier
8%
Victor Chust
8%
Yaser Asprilla
8%
Alejandro Iturbe
0%
Alex Sola
0%
Augusto Battala
0%
Federico Redondo
0%
Filip Ugrinic
0%
Goduine Koyalipou
0%
Ilyas Chaira
0%
Jon Guridi
0%
Jonny Otto
0%
Junior Firpo
0%
Lucas Boye
0%
Martin Valjent
0%
Ramon Terrats
0%
Roger Brugue
0%
Santiago Colombatto
0%
Yvan Neyou
0%
No matching quizzes found
Score Distribution
Percent of People with Each Score
Percentile by Number Answered
Your Score History
You have not taken this quiz